Steildach /

Saved in:
Bibliographic Details
Main Authors: Pech, Anton (Author), Hollinsky, Karlheinz (Author), Zack, Franz (Author)
Format: eBook
Language:German
Published: Basel/Berlin/Boston : Birkhäuser, 2015
©2015
Series:Baukonstruktionen 8
Subjects:
Tags: Add Tag
No Tags, Be the first to tag this record!

MARC

LEADER 00000nam a2200000 i 4500
001 0022764
003 SK-STU
005 20240513153446.1
006 m|||||||||||||||||
007 cr |n||||||||n
008 150624s2015||||||||||||o|||||||||||ger||
020 |a 9783990436066 
024 7 |a 10.1515/9783990436066  |2 doi 
040 |a IN-ChSCO  |b eng  |c IN-ChSCO 
041 0 |a ger 
100 1 |a Pech, Anton  |e author 
245 1 0 |a Steildach /  |c Anton Pech, Karlheinz Hollinsky, Franz Zack 
260 |a Basel/Berlin/Boston :  |b Birkhäuser,  |c 2015 
260 |c ©2015 
300 |a 1 online resource(xii,136p.) :  |b illustrations 
490 0 |a Baukonstruktionen  |v 8 
530 |a Also available in print edition 
541 |a Projekt č. 16-613-03703 - Fond na podporu umenia 
650 0 0 |a šikmé strechy 
650 0 0 |a konštrukcie 
650 0 0 |a materiály 
650 0 0 |a building materials 
650 0 0 |a construction 
650 0 0 |a pitched roofs 
700 1 |a Hollinsky, Karlheinz  |e author 
700 1 |a Zack, Franz  |e author 
996 |c A* 10194/E  |l AAKNST  |s P  |a 0  |w 0022764_0001